Normal view
MARC view
Entry Término temático
001 - NÚMERO DE CONTROL
- campo de control: 174648
003 - IDENTIFICADOR DEL NÚMERO DE CONTROL
- campo de control: OSt
005 - FECHA Y HORA DE LA ÚLTIMA TRANSACCIÓN
- campo de control: 20220127161326.0
008 - DATOS DE LONGITUD FIJA
- campo de control de longitud fija: 220127|| aca||aabn | a|a d
040 ## - FUENTE DE LA CATALOGACIÓN
- Centro catalogador/agencia de origen: OSt
- Centro/agencia transcriptor: OSt
150 ## - ENCABEZAMIENTO--TÉRMINO DE MATERIA
- Término de materia o nombre geográfico como elemento de entrada: Rosa
- Subdivisión general: enfermedades
670 ## - FUENTE DE DATOS ENCONTRADOS
- Cita de la fuente: Work cat.: (OSt)208326: Chávez Mireles Luis Edgardo 22734, Dosis contra concentración en el control de cenicilla del rosal Sphaerotheca pannosa (Wallr. ex. Fr.) Lév. var. rosae Wor. en el municipio de Villa Guerrero Estado de México /
